[Event "OP-2021-0-05096"]
[Site "LSS email"]
[Date "2021.02.08"]
[Round "?"]
[White "Walczak, Tomasz"]
[Black "Chronopoulos, Antonios"]
[Result "1/2-1/2"]
[WhiteElo "2156"]
[BlackElo "1495"]
[PlyCount "68"]
[EventDate "2021.02.06"]
[EventType "tourn (corr)"]
[EventRounds "4"]
[EventCountry "GER"]
[SourceTitle "Corr 2024"]
[Source "ChessBase"]
[SourceDate "2023.10.19"]
[SourceVersion "1"]
[SourceVersionDate "2023.10.19"]
[SourceQuality "1"]

1. e4 c5 2. Nf3 e6 3. d4 cxd4 4. Nxd4 Nc6 5. Nc3 Nf6 6. Ndb5 d6 7. Bf4 e5 8. Bg5 a6 9. Na3 b5 10. Nd5 Be7 11. Bxf6 Bxf6 12. c4 b4 13. Nc2 0-0 14. g3 a5 15. Bg2 g6 16. Nxf6+ Qxf6 17. 0-0 h5 18. Qd5 Ra6 19. Rad1 h4 20. Qd3 h3 21. Bf3 Nd8 22. Be2 Ne6 23. Ne3 Nc5 24. Nd5 Qg5 25. Qc2 Be6 26. f4 exf4 27. Rxf4 Kg7 28. Nc7 Rc6 29. Nb5 Kg8 30. Bf1 Rcc8 31. Qf2 b3 32. axb3 Nxb3 33. Nxd6 Rcd8 34. Qe3 Qc5 1/2-1/2

[Event "WC-2016-Q-00016"]
[Site "LSS email"]
[Date "2016.08.29"]
[Round "?"]
[White "Sarakenidis, Nikolaos"]
[Black "Walczak, Tomasz"]
[Result "1/2-1/2"]
[WhiteElo "2366"]
[BlackElo "2143"]
[PlyCount "61"]
[EventDate "2016.09.03"]
[EventType "tourn (corr)"]
[EventRounds "12"]
[EventCountry "GER"]
[SourceTitle "Corr 2022"]
[Source "ChessBase"]
[SourceDate "2021.10.24"]
[SourceVersion "1"]
[SourceVersionDate "2021.10.24"]
[SourceQuality "1"]

1. c4 e5 2. Nc3 Nf6 3. Nf3 Nc6 4. g3 d5 5. cxd5 Nxd5 6. Bg2 Nb6 7. 0-0 Be7 8. Rb1 a5 9. d3 Be6 10. Be3 0-0 11. Bxb6 cxb6 12. Qa4 Rc8 13. Rbc1 f5 14. Rfd1 Nd4 15. Nxd4 exd4 16. Nb1 Rc5 17. Rxc5 bxc5 18. Bxb7 Qb6 19. Bf3 Qxb2 20. Qxa5 Qxa2 21. Qxa2 Bxa2 22. Nd2 Rb8 23. Ra1 Be6 24. Nc4 Bxc4 25. dxc4 g6 26. Bd5+ Kg7 27. h3 Rb3 28. Ra7 Kf6 29. g4 h6 30. Ra6+ Kg7 31. gxf5 1/2-1/2

[Event "WC-2016-Q-00016"]
[Site "LSS email"]
[Date "2016.08.29"]
[Round "?"]
[White "Walczak, Tomasz"]
[Black "Bergmann, Michael"]
[Result "0-1"]
[WhiteElo "2143"]
[BlackElo "2475"]
[PlyCount "196"]
[EventDate "2016.09.03"]
[EventType "tourn (corr)"]
[EventRounds "12"]
[EventCountry "GER"]
[SourceTitle "Corr 2022"]
[Source "ChessBase"]
[SourceDate "2021.10.24"]
[SourceVersion "1"]
[SourceVersionDate "2021.10.24"]
[SourceQuality "1"]

1. c4 Nf6 2. d4 e6 3. Nf3 d5 4. Nc3 c6 5. Bg5 h6 6. Bh4 dxc4 7. e4 g5 8. Bg3 b5 9. Be2 Bb7 10. 0-0 Nbd7 11. Ne5 h5 12. Nxd7 Qxd7 13. Be5 Rh6 14. Qc1 Ng4 15. Bxg4 hxg4 16. Qxg5 Rg6 17. Qh4 Be7 18. Qh8+ Bf8 19. Qh4 Be7 20. Qh7 Bf8 21. Qh5 Qe7 22. Rfd1 Bh6 23. Bg3 Qg5 24. Qxg5 Bxg5 25. e5 Be7 26. Bf4 a5 27. Ne4 c5 28. Nxc5 Bd5 29. Rac1 Kd8 30. Bd2 Rg7 31. Ra1 Kc7 32. a3 Kc6 33. Re1 Bxc5 34. dxc5 Rh7 35. Bg5 Rah8 36. Bf4 Kxc5 37. Red1 Rh5 38. Be3+ Kc6 39. Bf4 Rc8 40. Kf1 b4 41. axb4 axb4 42. Ra5 f6 43. Rda1 fxe5 44. Bg3 Rf5 45. Ke2 Bxg2 46. Bxe5 Bf3+ 47. Ke3 Kd7 48. Bg3 Rxa5 49. Rxa5 c3 50. bxc3 bxc3 51. Ra7+ Kd8 52. Ra1 c2 53. Rc1 Bd1 54. Kd2 Ra8 55. Be5 Ra5 56. Bf6+ Kd7 57. Ra1 Rh5 58. Ra7+ Kc6 59. Ra6+ Kb5 60. Rxe6 Rxh2 61. Re5+ Kc4 62. Re4+ Kb3 63. Kc1 Rxf2 64. Bh4 Rh2 65. Re3+ Kc4 66. Bg3 Rh7 67. Be1 Rh3 68. Re8 Rb3 69. Kd2 Rd3+ 70. Kc1 Rb3 71. Kd2 g3 72. Rc8+ Kd5 73. Rd8+ Ke6 74. Rc8 g2 75. Bf2 Rf3 76. Bd4 Rf1 77. Rg8 Rf4 78. Be3 Rc4 79. Kc1 Bf3 80. Kb2 Be4 81. Rg4 c1Q+ 82. Bxc1 Rc2+ 83. Kb1 g1Q 84. Rxg1 Rg2+ 85. Ka1 Rxg1 86. Kb2 Kd5 87. Be3 Rd1 88. Bf4 Kc5 89. Bg5 Kc4 90. Ka3 Rd3+ 91. Ka4 Rd6 92. Ka3 Kc3 93. Ka4 Bd3 94. Bd2+ Kxd2 95. Kb4 Rc6 96. Kb3 Rb6+ 97. Ka4 Kc3 98. Ka5 Ra6# 0-1

[Event "WC-2016-Q-00016"]
[Site "LSS email"]
[Date "2016.08.29"]
[Round "?"]
[White "Walczak, Tomasz"]
[Black "Danzanvilliers, Patrice"]
[Result "1/2-1/2"]
[WhiteElo "2143"]
[BlackElo "2291"]
[PlyCount "122"]
[EventDate "2016.09.03"]
[EventType "tourn (corr)"]
[EventRounds "12"]
[EventCountry "GER"]
[SourceTitle "Corr 2022"]
[Source "ChessBase"]
[SourceDate "2021.10.24"]
[SourceVersion "1"]
[SourceVersionDate "2021.10.24"]
[SourceQuality "1"]

1. d4 Nf6 2. c4 e6 3. Nf3 d5 4. Nc3 c6 5. Bg5 h6 6. Bh4 dxc4 7. e4 g5 8. Bg3 b5 9. Be2 Bb7 10. 0-0 Nbd7 11. Ne5 Bg7 12. Nxd7 Nxd7 13. Bd6 a6 14. a4 b4 15. Bxb4 Qb6 16. Ba3 Qxd4 17. a5 Qxd1 18. Raxd1 c5 19. Bxc4 Bd4 20. Rd2 Rc8 21. Rfd1 Nf6 22. Rc2 0-0 23. Ne2 Be5 24. f3 Rfd8 25. Rxd8+ Rxd8 26. h3 Rd1+ 27. Kf2 Nd7 28. Bb3 Rd6 29. Ke3 Kg7 30. g3 Bc6 31. Bc4 Bf6 32. Rc1 Bb7 33. b3 Rc6 34. Rd1 Rc7 35. f4 Kf8 36. Rd3 Nb8 37. Nc3 Kg7 38. e5 Be7 39. Na4 Nc6 40. Nxc5 Bc8 41. Rc3 Nxa5 42. Bd3 Nxb3 43. Nxe6+ Bxe6 44. Rxc7 Bxa3 45. f5 Bc5+ 46. Ke2 Bd5 47. Bxa6 Nd4+ 48. Kf1 Nxf5 49. Rxc5 Nxg3+ 50. Ke1 Be6 51. Bc8 Kg6 52. Bxe6 fxe6 53. Rc8 Kf5 54. Kf2 Kf4 55. Re8 Ne4+ 56. Ke1 Kxe5 57. Rh8 Kf4 58. Rxh6 e5 59. Rg6 Ng3 60. Rg8 Nf5 61. Ke2 e4 1/2-1/2

[Event "SA-2016-0-00534"]
[Site "LSS email"]
[Date "2016.08.28"]
[Round "?"]
[White "Doknjas, Joshua"]
[Black "Walczak, Tomasz"]
[Result "0-1"]
[WhiteElo "2202"]
[BlackElo "2143"]
[PlyCount "46"]
[EventDate "2016.08.10"]
[EventType "tourn (corr)"]
[EventRounds "6"]
[EventCountry "GER"]
[SourceTitle "Corr 2022"]
[Source "ChessBase"]
[SourceDate "2021.10.24"]
[SourceVersion "1"]
[SourceVersionDate "2021.10.24"]
[SourceQuality "1"]

1. d4 Nf6 2. c4 e6 3. Nf3 b6 4. g3 Ba6 5. Qc2 Bb7 6. Bg2 c5 7. d5 exd5 8. cxd5 Nxd5 9. 0-0 Be7 10. Rd1 Nc6 11. Qa4 Nf6 12. Nh4 g6 13. Bh6 Bf8 14. Bg5 Be7 15. Nc3 0-0 16. Rd2 Rb8 17. Rad1 Nd4 18. Bxf6 Bxf6 19. e3 Bxh4 20. exd4 Bg5 21. Re2 Bf6 22. Bxb7 Rxb7 23. Nd5 a5 0-1

[Event "SA-2016-0-00534"]
[Site "LSS email"]
[Date "2016.08.28"]
[Round "?"]
[White "Popov, Vladimir"]
[Black "Walczak, Tomasz"]
[Result "1/2-1/2"]
[WhiteElo "2253"]
[BlackElo "2143"]
[PlyCount "107"]
[EventDate "2016.08.10"]
[EventType "tourn (corr)"]
[EventRounds "6"]
[EventCountry "GER"]
[SourceTitle "Corr 2022"]
[Source "ChessBase"]
[SourceDate "2021.10.24"]
[SourceVersion "1"]
[SourceVersionDate "2021.10.24"]
[SourceQuality "1"]

1. e4 c5 2. Nf3 Nc6 3. d4 cxd4 4. Nxd4 Nf6 5. Nc3 e5 6. Ndb5 d6 7. Bg5 a6 8. Na3 b5 9. Nd5 Be7 10. Bxf6 Bxf6 11. c3 0-0 12. Nc2 Bg5 13. a4 bxa4 14. Rxa4 a5 15. Bc4 Rb8 16. b3 Kh8 17. Nce3 g6 18. Qd3 f5 19. h4 fxe4 20. Qxe4 Bf5 21. Nxf5 gxf5 22. Qe2 Bf6 23. Qh5 e4 24. 0-0 Qd7 25. Ra2 Ne5 26. Rxa5 Nxc4 27. bxc4 Be5 28. c5 dxc5 29. Rd1 Qg7 30. Rxc5 Rg8 31. Qg5 Qxg5 32. hxg5 Rxg5 33. Ne3 Bf4 34. Nxf5 e3 35. Kf1 exf2 36. Kxf2 Bh2 37. c4 Rf8 38. Rdd5 Rg7 39. Ke3 Rxg2 40. Rb5 Rc2 41. Kd3 Rc1 42. Rb2 Rd1+ 43. Rd2 Rxd2+ 44. Kxd2 Bc7 45. Kc3 Kg8 46. Nd4 Rd8 47. Rh5 Re8 48. Nf5 Be5+ 49. Kd3 Kf7 50. Rxh7+ Kg6 51. Re7 Rxe7 52. Nxe7+ Kf6 53. Nd5+ Ke6 54. Ne3 1/2-1/2

[Event "SA-2016-0-00534"]
[Site "LSS email"]
[Date "2016.08.28"]
[Round "?"]
[White "Walczak, Tomasz"]
[Black "Baroin, Bernard"]
[Result "1/2-1/2"]
[WhiteElo "2143"]
[BlackElo "2149"]
[PlyCount "84"]
[EventDate "2016.08.10"]
[EventType "tourn (corr)"]
[EventRounds "6"]
[EventCountry "GER"]
[SourceTitle "Corr 2022"]
[Source "ChessBase"]
[SourceDate "2021.10.24"]
[SourceVersion "1"]
[SourceVersionDate "2021.10.24"]
[SourceQuality "1"]

1. e4 e5 2. Nf3 Nc6 3. Bb5 Nf6 4. 0-0 Nxe4 5. d4 Nd6 6. Bxc6 dxc6 7. dxe5 Nf5 8. Qxd8+ Kxd8 9. Nc3 Ke8 10. h3 h5 11. Bf4 Be6 12. Ng5 Rh6 13. Rad1 Bb4 14. Nxe6 Rxe6 15. Ne2 h4 16. Bh2 Be7 17. Rfe1 Rd8 18. Rxd8+ Kxd8 19. Kf1 c5 20. Nf4 Ra6 21. a3 Rb6 22. e6 fxe6 23. Nxe6+ Kd7 24. Re5 Rxb2 25. Nxc5+ Kc6 26. Nxb7 Kxb7 27. Rxf5 Rxc2 28. a4 Bf6 29. Bf4 Ra2 30. a5 Kc6 31. Be3 a6 32. Bg5 Bc3 33. Bxh4 Rxa5 34. Rxa5 Bxa5 35. Ke2 Kd5 36. Bd8 Bb6 37. Kd3 a5 38. f3 a4 39. Kc3 Bd4+ 40. Kb4 c5+ 41. Kxa4 Kc4 42. f4 Kd3 1/2-1/2

[Event "SA-2016-0-00534"]
[Site "LSS email"]
[Date "2016.08.28"]
[Round "?"]
[White "Walczak, Tomasz"]
[Black "Chmela, Zdenek"]
[Result "1/2-1/2"]
[WhiteElo "2143"]
[BlackElo "2179"]
[PlyCount "68"]
[EventDate "2016.08.10"]
[EventType "tourn (corr)"]
[EventRounds "6"]
[EventCountry "GER"]
[SourceTitle "Corr 2022"]
[Source "ChessBase"]
[SourceDate "2021.10.24"]
[SourceVersion "1"]
[SourceVersionDate "2021.10.24"]
[SourceQuality "1"]

1. c4 e5 2. Nc3 Nc6 3. Nf3 Nf6 4. g3 Bc5 5. Bg2 d6 6. 0-0 Bb6 7. d3 h6 8. a3 a5 9. Re1 0-0 10. e3 Be6 11. b3 Qd7 12. Bb2 Rae8 13. Rc1 Bh3 14. Qc2 Ne7 15. b4 Bxg2 16. Kxg2 c6 17. Red1 axb4 18. axb4 Ng6 19. Ne4 Bd8 20. h3 Be7 21. Nxf6+ Bxf6 22. e4 h5 23. d4 exd4 24. Bxd4 Qe6 25. Bxf6 Qxf6 26. Qc3 Qe7 27. h4 Qe6 28. Re1 Qg4 29. Nh2 Qe6 30. c5 d5 31. exd5 Qxd5+ 32. Nf3 Rxe1 33. Rxe1 f6 34. Qc2 Ne5 1/2-1/2

[Event "OP-2016-0-04138"]
[Site "LSS email"]
[Date "2016.08.26"]
[Round "?"]
[White "Walczak, Tomasz"]
[Black "Hoffmann, Thomas"]
[Result "1/2-1/2"]
[WhiteElo "2143"]
[BlackElo "1722"]
[PlyCount "72"]
[EventDate "2016.08.22"]
[EventType "tourn (corr)"]
[EventRounds "4"]
[EventCountry "GER"]
[SourceTitle "Corr 2022"]
[Source "ChessBase"]
[SourceDate "2021.10.24"]
[SourceVersion "1"]
[SourceVersionDate "2021.10.24"]
[SourceQuality "1"]

1. c4 Nf6 2. Nc3 e6 3. e4 e5 4. Nf3 Nc6 5. a3 d6 6. d4 Bg4 7. d5 Nd4 8. Be3 Nxf3+ 9. gxf3 Bd7 10. Qb3 b6 11. h4 Nh5 12. Bh3 Bxh3 13. Rxh3 Qd7 14. Rh1 a6 15. 0-0-0 Be7 16. Kb1 f5 17. Qc2 f4 18. Bd2 Qd8 19. Na2 a5 20. Qa4+ Kf7 21. Rh2 Bxh4 22. Rdh1 g5 23. Nc3 Ke7 24. Nb5 Nf6 25. Rg1 Nd7 26. Qc2 Kf7 27. Qd1 Nc5 28. Qf1 Rg8 29. Qh3 Rg6 30. Qf5+ Kg7 31. Kc2 a4 32. Qg4 Qe7 33. Bb4 Nb3 34. Kb1 Kh8 35. Ka2 Qf7 36. Rgh1 Kg7 1/2-1/2

[Event "WC-2017-P-00011"]
[Site "LSS email"]
[Date "2013.02.27"]
[Round "?"]
[White "Kawagoe, Toshiji"]
[Black "Walczak, Tomasz"]
[Result "0-1"]
[WhiteElo "1835"]
[BlackElo "2051"]
[PlyCount "126"]
[EventDate "2013.03.03"]
[EventType "tourn (corr)"]
[EventRounds "12"]
[EventCountry "GER"]
[SourceTitle "Telechess CBM 167"]
[Source "ChessBase"]
[SourceDate "2015.07.13"]
[SourceVersion "1"]
[SourceVersionDate "2015.07.13"]
[SourceQuality "1"]

1. d4 Nf6 2. Nf3 d5 3. Bf4 c5 4. e3 Nc6 5. c3 Qb6 6. Qb3 c4 7. Qxb6 axb6 8. Na3 Bf5 9. Nd2 e6 10. Nb5 Kd7 11. Be2 Be7 12. a4 Na7 13. Nxa7 Rxa7 14. Nf3 Rha8 15. Ne5+ Ke8 16. Bd1 h5 17. h3 Be4 18. Rc1 b5 19. axb5 Ra2 20. f3 Bh7 21. b4 cxb3 22. Bxb3 Rb2 23. Bd1 Raa2 24. Rg1 Nd7 25. Nxd7 Kxd7 26. e4 dxe4 27. Be3 exf3 28. Bxf3 f5 29. Rd1 Rb3 30. Bxb7 Rxc3 31. Bd2 Rd3 32. Bc6+ Kc8 33. g3 Bd6 34. b6 Rc2 35. Bb5 Rxg3 36. Rxg3 Bxg3+ 37. Ke2 g5 38. Be8 Bf4 39. Bxh5 Bg8 40. Kd3 Rxd2+ 41. Rxd2 Bxd2 42. Kxd2 Kb7 43. Ke1 Kxb6 44. Be2 Ka5 45. Kd2 Kb4 46. Ke3 Kc3 47. Bf3 Bh7 48. d5 f4+ 49. Kf2 exd5 50. Bxd5 Bf5 51. Bg2 Kd4 52. Bf1 Ke5 53. Kf3 Bc8 54. Kf2 Be6 55. Kg2 Ke4 56. Kf2 Bd7 57. Bg2+ Kf5 58. Bf3 Ke5 59. Bg2 Kf6 60. Bf1 Kg6 61. Bg2 Kh5 62. Bf1 Kh4 63. Kf3 Bxh3 0-1

[Event "WC-2017-P-00011"]
[Site "LSS email"]
[Date "2013.02.27"]
[Round "?"]
[White "Osipov, Anatoly Vladimirovi"]
[Black "Walczak, Tomasz"]
[Result "1/2-1/2"]
[WhiteElo "2160"]
[BlackElo "2051"]
[PlyCount "65"]
[EventDate "2013.03.03"]
[EventType "tourn (corr)"]
[EventRounds "12"]
[EventCountry "GER"]
[SourceTitle "Telechess CBM 167"]
[Source "ChessBase"]
[SourceDate "2015.07.13"]
[SourceVersion "1"]
[SourceVersionDate "2015.07.13"]
[SourceQuality "1"]

1. e4 c5 2. Nf3 Nc6 3. d4 cxd4 4. Nxd4 Nf6 5. Nc3 e5 6. Ndb5 d6 7. Bg5 a6 8. Na3 b5 9. Bxf6 gxf6 10. Nd5 f5 11. Bd3 Be6 12. 0-0 Bxd5 13. exd5 Ne7 14. Nxb5 Bg7 15. Nc3 e4 16. Be2 0-0 17. Rb1 Ng6 18. f3 Qg5 19. Kh1 e3 20. g3 f4 21. Ne4 Qh6 22. g4 Ne7 23. g5 Qh5 24. Rg1 Be5 25. Rg4 Kh8 26. Qd3 Qh3 27. Nf6 Bxf6 28. gxf6 Ng6 29. Rg5 a5 30. Qf5 Qxf5 31. Rxf5 a4 32. Kg1 Rfe8 33. b4 1/2-1/2

[Event "BI-2013-F-0000"]
[Site "LSS email"]
[Date "2013.02.15"]
[Round "?"]
[White "Andraschko, Felix"]
[Black "Walczak, Tomasz"]
[Result "1-0"]
[WhiteElo "2263"]
[BlackElo "2166"]
[PlyCount "161"]
[EventDate "2013.02.20"]
[EventType "tourn (corr)"]
[EventRounds "10"]
[EventCountry "GER"]
[SourceTitle "Corr 2022"]
[Source "ChessBase"]
[SourceDate "2021.10.24"]
[SourceVersion "1"]
[SourceVersionDate "2021.10.24"]
[SourceQuality "1"]

1. d4 d5 2. c4 c6 3. Nc3 Nf6 4. e3 e6 5. Nf3 Nbd7 6. Qc2 Bd6 7. b3 0-0 8. Be2 b6 9. 0-0 Bb7 10. Bb2 Qe7 11. Rad1 Rfe8 12. Rfe1 Rad8 13. Bf1 c5 14. cxd5 exd5 15. g3 Rc8 16. Bh3 cxd4 17. exd4 Ne4 18. Qd3 Bb4 19. Rc1 f6 20. Qb5 Bxc3 21. Bxc3 Bc6 22. Qd3 Qf7 23. Bb4 g6 24. a4 Bb7 25. Qb5 f5 26. Bg2 a6 27. Qf1 a5 28. Ba3 f4 29. Rxc8 Rxc8 30. Rc1 fxg3 31. hxg3 Qf5 32. Rxc8+ Bxc8 33. Qc1 Ba6 34. Qc7 Be2 35. Qd8+ Kg7 36. Bc1 Qf7 37. Bf4 Bxf3 38. Bxf3 Nef6 39. Be2 Qe8 40. Qxe8 Nxe8 41. Bb5 Nef6 42. Bc7 Kf7 43. Bd8 Ke6 44. Kg2 Kd6 45. f3 Ke6 46. g4 Kd6 47. Kg3 Ke6 48. Kh4 h6 49. f4 Nf8 50. Bxb6 g5+ 51. fxg5 Ng6+ 52. Kg3 hxg5 53. Bd3 Nf4 54. Bf5+ Kd6 55. Kf3 Ne6 56. Bxe6 Kxe6 57. Bxa5 Kd7 58. b4 Kc6 59. b5+ Kb7 60. Bd8 Ne4 61. a5 Nd6 62. a6+ Ka7 63. Bxg5 Nxb5 64. Bf6 Kxa6 65. g5 Nd6 66. g6 Nf5 67. Kf4 Nh6 68. Bg5 Ng8 69. Ke5 Kb6 70. Kxd5 Kb7 71. Ke6 Kb6 72. d5 Kc5 73. d6 Kd4 74. d7 Kd3 75. d8Q+ Ke2 76. Qd2+ Kf3 77. Qe3+ Kg2 78. Bh4 Kh2 79. Qf2+ Kh1 80. Bg3 Nh6 81. Qh2# 1-0